Πού ήσασταν όλοι

Αποθηκεύτηκε σε:
Λεπτομέρειες βιβλιογραφικής εγγραφής
Κύριος συγγραφέας: Di Paolo, Paolo, 1983-
Μορφή: Βιβλίο
Γλώσσα:Greek
Italian
Δημοσίευση: Αθήνα : Ίκαρος, c2013.
Θέματα:
Ετικέτες: Προσθήκη ετικέτας
Δεν υπάρχουν, Καταχωρήστε ετικέτα πρώτοι!

MARC

LEADER 00000cam a2200000 a 4500
001 1/116632
008 180524s2013####gr | ||| |||| ||gre||
020 |a 9789609527804 
040 |a GR-MyUa  |b gre  |c GR-MyUa  |e AACR2 
041 1 |a gre  |h ita 
082 7 |a 853   |2 (23) 
100 1 |a Di Paolo, Paolo,   |d 1983- 
245 1 0 |a Πού ήσασταν όλοι /   |c Paolo Di Paolo ; μετάφραση από τα ιταλικά Ανταίος Χρυσοστομίδης.  
260 |a Αθήνα :   |b Ίκαρος,   |c c2013.  
300 |a 260 σ. ;   |c 21 εκ.  
500 |a Τίτλος πρωτοτύπου: Dove eravate tutti.  
650 0 |a Italian fiction. 
852 |a INST  |b SYROS  |e 20180524  |h 853 DIP  |p 005500013423  |q 005500013423  |t BK  |y 0 
970 |a Κοντού  |b Παρασκευή  |z 24/05/2018